000 00277nam a2200109Ia 4500
008 190216s9999||||xx |||||||||||||| ||und||
100 _aShukla M C&Amp; Gulhan S S
245 0 _aSecretarial Practice And Offince Management
260 _bNull
_c1986
300 _a1523p
942 _cBK
999 _c5254
_d5254